00900nam a2200241 a 450000100100000000500170001000800410002704000250006808200200009310000410011324500520015426000480020630000180025449000230027250000750029559000280037065000270039865000310042583000300045691000370048695201180052399900170064100001309520240530073916.0091120s1999 dr 000 f spa d aDO-SdBNPbspacBNPHU aRD863.44bS211a1 aSánchez Roa, Adriano,d1956-9854114aLos amores inmortales /cAdriano Sánchez Roa. aSanto Domingo :bAlianza Caribeña,c1999. a217 ;c21 cm.1 aAlianza Caribeña aIncluye datos biográficos del autor en la solapa de la contracubieta aInventariado, 2020 / DG 0aNovela dominicana9223 0aLiteratura dominicana.967 0aAlianza Caribeña930216 aValidado. Control de calidad MFF 0010718PDaPDbPDcHDd2009-11-20iLF1l0oRD863.44 S211ap13095-10r2020-06-25w2020-06-25yLFPDZNo se presta c12737d12737